Quản lý nhà nước trong nền kinh tế thị trường định hướng xã hội chủ nghĩa ở Việt Nam : Sách tham khảo

Trình bày lí luận quản lí nhà nước về kinh tế. Thực trạng quản lí nhà nước về kinh tế ở Việt Nam từ 1988 đến nay. Tiếp tục đổi mới và hoàn thiện quản lí nhà nước về kinh tế trong quá trình xây dựng nền kinh tế thị trường định hư...

Full description

Saved in:
Bibliographic Details
Main Author: Lương, Xuân Quỳ
Format: Book
Language:Undetermined
Published: Hà Nội Lý Luận Chính Trị 2006
Subjects:
Tags: Add Tag
No Tags, Be the first to tag this record!
Institutions: Trung tâm Học liệu Trường Đại học Cần Thơ
LEADER 01112nam a2200205Ia 4500
001 CTU_107568
008 210402s9999 xx 000 0 und d
082 |a 658 
082 |b Qu105 
100 |a Lương, Xuân Quỳ 
245 0 |a Quản lý nhà nước trong nền kinh tế thị trường định hướng xã hội chủ nghĩa ở Việt Nam : 
245 0 |b Sách tham khảo 
245 0 |c Lương Xuân Quỳ 
260 |a Hà Nội 
260 |b Lý Luận Chính Trị 
260 |c 2006 
520 |a Trình bày lí luận quản lí nhà nước về kinh tế. Thực trạng quản lí nhà nước về kinh tế ở Việt Nam từ 1988 đến nay. Tiếp tục đổi mới và hoàn thiện quản lí nhà nước về kinh tế trong quá trình xây dựng nền kinh tế thị trường định hướng XHCN thời gian tới ở Việt Nam 
650 |a Economics,Managerial economics 
904 |i Lê Giang 
980 |a Trung tâm Học liệu Trường Đại học Cần Thơ